Dual Use Information Technology: An Indo Centric Perspective (Record no. 223928)

MARC details
000 -LEADER
fixed length control field 00627nam a22002057a 4500
005 - DATE AND TIME OF LATEST TRANSACTION
control field 20220718152419.0
008 - FIXED-LENGTH DATA ELEMENTS--GENERAL INFORMATION
fixed length control field 220718b ||||| |||| 00| 0 eng d
040 ## - CATALOGING SOURCE
Transcribing agency AL
041 ## - LANGUAGE CODE
Language code of text/sound track or separate title English
082 ## - DEWEY DECIMAL CLASSIFICATION NUMBER
Edition number 23
Classification number 600
Item number DEVD
100 ## - MAIN ENTRY--PERSONAL NAME
Personal name Yashwant Deva
100 ## - MAIN ENTRY--PERSONAL NAME
9 (RLIN) 50806
245 ## - TITLE STATEMENT
Title Dual Use Information Technology: An Indo Centric Perspective
260 ## - PUBLICATION, DISTRIBUTION, ETC.
Place of publication, distribution, etc. New Delhi
Name of publisher, distributor, etc. Institute For Defence Studies and Analyses
Date of publication, distribution, etc. 1996
300 ## - PHYSICAL DESCRIPTION
Extent 71 p.
Other physical details PB
Dimensions 23x15 cm.
440 ## - SERIES STATEMENT/ADDED ENTRY--TITLE
Title Occasional Paper Series
9 (RLIN) 50807
650 ## - SUBJECT ADDED ENTRY--TOPICAL TERM
Topical term or geographic name entry element Information Technology
9 (RLIN) 50808
650 ## - SUBJECT ADDED ENTRY--TOPICAL TERM
Topical term or geographic name entry element Strategy
9 (RLIN) 50809
700 ## - ADDED ENTRY--PERSONAL NAME
Personal name DEVA (Yashwant)
9 (RLIN) 50810
942 ## - ADDED ENTRY ELEMENTS (KOHA)
Source of classification or shelving scheme Dewey Decimal Classification
Koha item type George Fernandes Collections
Holdings
Withdrawn status Lost status Source of classification or shelving scheme Damaged status Not for loan Collection code Home library Current library Date acquired Total Checkouts Full call number Barcode Date last seen Price effective from Koha item type
    Dewey Decimal Classification     Management St Aloysius Library St Aloysius Library 03/23/2013   600 DEVD GF00367 07/18/2022 07/18/2022 George Fernandes Collections